[Event "GER-ch Seniors 50 31st"]
[Site "Radebeul"]
[Date "2019.05.02"]
[Round "7"]
[White "Wulff, Jens Peter"]
[Black "Reitmaier, Adolf"]
[Result "1-0"]
[WhiteElo "1809"]
[BlackElo "1476"]
[PlyCount "113"]
[EventDate "2019.04.26"]
[EventType "swiss"]
[EventRounds "9"]
[EventCountry "GER"]
[SourceTitle "CBM 190 Extra"]
[Source "ChessBase"]
[SourceDate "2019.07.15"]
[SourceVersion "1"]
[SourceVersionDate "2019.07.15"]
[SourceQuality "1"]

1. d4 d5 2. Nf3 Nf6 3. Bf4 e6 4. Nbd2 Be7 5. e3 Nbd7 6. Bd3 Nh5 7. Bg3 Nxg3 8. hxg3 h6 9. Ne5 Bf6 10. f4 Nxe5 11. dxe5 Be7 12. Qg4 0-0 13. Rxh6 f5 14. exf6 Rxf6 15. Rxf6 Bxf6 16. c3 e5 17. f5 e4 18. Be2 Qd7 19. Qf4 Qxf5 20. Qxc7 Qd7 21. Qxd7 Bxd7 22. 0-0-0 Ba4 23. b3 Bc6 24. Kc2 Rc8 25. Bg4 Rc7 26. Be6+ Kf8 27. Nb1 Bb5 28. Bxd5 Bd3+ 29. Rxd3 exd3+ 30. Kxd3 Ke7 31. c4 a6 32. b4 b6 33. Nd2 Bb2 34. a4 a5 35. b5 Ba3 36. g4 Bb4 37. Nf3 Kd6 38. e4 Re7 39. e5+ Rxe5 40. g5 Rxd5+ 41. cxd5 Kxd5 42. g6 Bc5 43. g4 Bf2 44. Nd2 Ke5 45. Kc4 Be3 46. Nb3 Bf2 47. Nc1 Ke4 48. Ne2 Ke5 49. Nc3 Bg1 50. Nd5 Kd6 51. Nf4 Ke7 52. Kd5 Be3 53. Nh5 Kf8 54. Ke6 Bd4 55. Ng3 Bf2 56. Nf5 Bc5 57. Kd7 1-0

[Event "GER-ch Seniors 50 31st"]
[Site "Radebeul"]
[Date "2019.04.28"]
[Round "3"]
[White "Reitmaier, Adolf"]
[Black "Held, Peter"]
[Result "0-1"]
[WhiteElo "1476"]
[BlackElo "2179"]
[PlyCount "60"]
[EventDate "2019.04.26"]
[EventType "swiss"]
[EventRounds "9"]
[EventCountry "GER"]
[SourceTitle "CBM 190 Extra"]
[Source "ChessBase"]
[SourceDate "2019.07.15"]
[SourceVersion "1"]
[SourceVersionDate "2019.07.15"]
[SourceQuality "1"]

1. c4 c6 2. Nc3 d5 3. d4 dxc4 4. e4 b5 5. Nf3 Bg4 6. Be2 Nf6 7. 0-0 e6 8. Bg5 h6 9. Bxf6 Qxf6 10. d5 b4 11. Na4 exd5 12. exd5 Bd6 13. Bxc4 0-0 14. dxc6 Bxf3 15. Qxf3 Qh4 16. g3 Qxc4 17. Rfc1 Qb5 18. b3 Rc8 19. Qd1 Be7 20. c7 Na6 21. Qf3 Bf6 22. Qxa8 Rxa8 23. c8Q+ Rxc8 24. Rxc8+ Kh7 25. Rac1 Bd4 26. R1c2 Nb8 27. R2c4 Qf5 28. Rc2 Bc3 29. R2xc3 bxc3 30. Rxc3 Nd7 0-1

[Event "Goch op 17th"]
[Site "Goch"]
[Date "2006.10.14"]
[Round "5"]
[White "Reitmaier, Adolf"]
[Black "Kirschbaum, Ulrich"]
[Result "0-1"]
[WhiteElo "1463"]
[BlackElo "1887"]
[PlyCount "82"]
[EventDate "2006.10.12"]
[EventType "swiss"]
[EventRounds "7"]
[EventCountry "GER"]
[SourceTitle "EXT 2008"]
[Source "ChessBase"]
[SourceDate "2007.11.25"]
[SourceVersion "1"]
[SourceVersionDate "2007.11.25"]
[SourceQuality "1"]

1. d4 Nf6 2. c4 g6 3. Nc3 Bg7 4. e4 d6 5. Bf4 0-0 6. Qc2 Nbd7 7. g3 e5 8. dxe5 dxe5 9. Bg5 c6 10. Bg2 h6 11. Bd2 Qe7 12. Rd1 Nc5 13. b4 Ne6 14. Nce2 c5 15. b5 Re8 16. Nc3 Nd4 17. Qc1 Kh7 18. h3 Be6 19. Nd5 Bxd5 20. cxd5 b6 21. Qb1 Rf8 22. g4 Ne8 23. Ne2 Nd6 24. a4 Bf6 25. Ng3 Bh4 26. 0-0 a5 27. Kh2 Rac8 28. f4 Bxg3+ 29. Kxg3 f6 30. h4 c4 31. Be3 c3 32. Qd3 Rc4 33. fxe5 fxe5 34. Rxf8 Qxf8 35. Rf1 Qc8 36. Rc1 c2 37. Bxd4 Rxd4 38. Qb3 Rc4 39. Qb2 Rc3+ 40. Kh2 Qc4 41. Kh1 Qd3 0-1